| 000 -LEADER |
| fixed length control field |
00460nam a22000977a 4500 |
| 008 - FIXED-LENGTH DATA ELEMENTS--GENERAL INFORMATION |
| fixed length control field |
160606b xxu||||| |||| 00| 0 eng d |
| 100 ## - MAIN ENTRY--AUTHOR'S NAME |
| Author's Name |
Borek, Richard |
| 245 ## - TITLE STATEMENT |
| Title |
Borek Briefmarken-Katalog Europa. Tschechoslowakei, Slowakei 1977/78 |
| 260 ## - PUBLICATION, DISTRIBUTION, ETC. (IMPRINT) |
| Place of publication, distribution, etc. |
Braunschweig [Germany] |
| Name of publisher, distributor, etc. |
Verlag Richard Borek |
| Date of publication, distribution, etc. |
1977 |
| 650 ## - TOPICAL TERM (Tag) |
| Topical term or geographic name |
Czechoslovakia (1918-1992) | Croatia (1941-1945) | Slovak Republic (1939-1945) | Catalogs and Price Lists | First Days | Numismatics | Dealer Publications |